01189nam a2200313 a 4500001001200000003000800012006001900020007001500039008004100054010001700095020001800112020002700130040002100157035002100178050002100199082001800220100002400238245008500262260005400347300001900401504005100420533015200471650002300623650004000646655002900686710001700715856012600732999001700858ebr10670977CaPaEBRm u cr cn|||||||||130318s2010 nyua sb 001 0 eng d z 2009037474 z9781608760732 z9781613243220 (e-book) aCaPaEBRcCaPaEBR a(OCoLC)83062777414aHD49b.H6 2010eb04a658.4/0562231 aHo, Chien-Ta Bruce.10aCrisis decision makingh[electronic resource] /cChien-Ta Bruce Ho ... [et al.]. aNew York :bNova Science Publishers, Inc.,c2010. a236 p. :bill. aIncludes bibliographical references and index. aElectronic reproduction.bPalo Alto, Calif. :cebrary,d2013.nAvailable via World Wide Web.nAccess may be limited to ebrary affiliated libraries. 0aCrisis management. 0aCrisis managementxDecision making. 7aElectronic books.2local2 aebrary, Inc.40uhttp://site.ebrary.com/lib/rucke/Doc?id=10670977zAn electronic book accessible through the World Wide Web; click to view c62204d62204